<?xml version="1.0" encoding="UTF-8"?><?xml-stylesheet type="text/xsl" href="static/style.xsl"?><OAI-PMH xmlns="http://www.openarchives.org/OAI/2.0/" xmlns:xsi="http://www.w3.org/2001/XMLSchema-instance" xsi:schemaLocation="http://www.openarchives.org/OAI/2.0/ http://www.openarchives.org/OAI/2.0/OAI-PMH.xsd"><responseDate>2026-04-17T06:13:32Z</responseDate><request verb="GetRecord" identifier="oai:gredos.usal.es:10366/140242" metadataPrefix="marc">https://gredos.usal.es/oai/request</request><GetRecord><record><header><identifier>oai:gredos.usal.es:10366/140242</identifier><datestamp>2025-04-30T20:42:32Z</datestamp><setSpec>com_10366_139394</setSpec><setSpec>com_10366_4512</setSpec><setSpec>com_10366_3823</setSpec><setSpec>col_10366_139397</setSpec></header><metadata><record xmlns="http://www.loc.gov/MARC21/slim" xmlns:doc="http://www.lyncode.com/xoai" xmlns:xsi="http://www.w3.org/2001/XMLSchema-instance" xmlns:dcterms="http://purl.org/dc/terms/" xsi:schemaLocation="http://www.loc.gov/MARC21/slim http://www.loc.gov/standards/marcxml/schema/MARC21slim.xsd">
<leader>00925njm 22002777a 4500</leader>
<datafield tag="042" ind1=" " ind2=" ">
<subfield code="a">dc</subfield>
</datafield>
<datafield tag="720" ind1=" " ind2=" ">
<subfield code="a">García-Valcárcel Muñoz-Repiso, Ana</subfield>
<subfield code="e">author</subfield>
</datafield>
<datafield tag="720" ind1=" " ind2=" ">
<subfield code="a">Hernández Martín, Azucena</subfield>
<subfield code="e">author</subfield>
</datafield>
<datafield tag="720" ind1=" " ind2=" ">
<subfield code="a">Basilotta Gómez-Pablos, Verónica</subfield>
<subfield code="e">author</subfield>
</datafield>
<datafield tag="720" ind1=" " ind2=" ">
<subfield code="a">Cabezas-González, Marcos</subfield>
<subfield code="e">author</subfield>
</datafield>
<datafield tag="720" ind1=" " ind2=" ">
<subfield code="a">Casillas-Martín, Sonia</subfield>
<subfield code="e">author</subfield>
</datafield>
<datafield tag="720" ind1=" " ind2=" ">
<subfield code="a">González Rodero, Luis María</subfield>
<subfield code="e">author</subfield>
</datafield>
<datafield tag="720" ind1=" " ind2=" ">
<subfield code="a">Iglesias Rodríguez, Ana</subfield>
<subfield code="e">author</subfield>
</datafield>
<datafield tag="720" ind1=" " ind2=" ">
<subfield code="a">Martín del Pozo, Marta</subfield>
<subfield code="e">author</subfield>
</datafield>
<datafield tag="720" ind1=" " ind2=" ">
<subfield code="a">Mena Marcos, Juan José</subfield>
<subfield code="e">author</subfield>
</datafield>
<datafield tag="720" ind1=" " ind2=" ">
<subfield code="a">Salvador Blanco, Laurentino</subfield>
<subfield code="e">author</subfield>
</datafield>
<datafield tag="260" ind1=" " ind2=" ">
<subfield code="c">2019-07-19</subfield>
</datafield>
<datafield tag="520" ind1=" " ind2=" ">
<subfield code="a">[ES]La prueba de evaluación de la competencia digital de los estudiantes (ECODIES), está basada en el modelo DIGCOMP, marco europeo que establece las áreas, competencias y niveles de su desarrollo; así como en un modelo de indicadores de evaluación adaptados a la población de referencia, estudiantes que finalizan la educación básica. La prueba se compone de dos partes, la primera está orientada a evaluar los conocimientos y capacidades de los estudiantes; la segunda parte presenta una reducida escala de actitudes.</subfield>
</datafield>
<datafield tag="024" ind2=" " ind1="8">
<subfield code="a">http://hdl.handle.net/10366/140242</subfield>
</datafield>
<datafield ind1=" " ind2=" " tag="653">
<subfield code="a">Evaluación de competencias</subfield>
</datafield>
<datafield ind1=" " ind2=" " tag="653">
<subfield code="a">Competencias digitales</subfield>
</datafield>
<datafield ind1=" " ind2=" " tag="653">
<subfield code="a">Prueba de evaluación</subfield>
</datafield>
<datafield ind1=" " ind2=" " tag="653">
<subfield code="a">DIGCOMP</subfield>
</datafield>
<datafield ind1=" " ind2=" " tag="653">
<subfield code="a">Educación básica</subfield>
</datafield>
<datafield ind1=" " ind2=" " tag="653">
<subfield code="a">Basic life skills</subfield>
</datafield>
<datafield ind1=" " ind2=" " tag="653">
<subfield code="a">Student evaluation</subfield>
</datafield>
<datafield ind1=" " ind2=" " tag="653">
<subfield code="a">Educational test</subfield>
</datafield>
<datafield ind1=" " ind2=" " tag="653">
<subfield code="a">Basic education</subfield>
</datafield>
<datafield ind1=" " ind2=" " tag="653">
<subfield code="a">Digital technology</subfield>
</datafield>
<datafield tag="245" ind1="0" ind2="0">
<subfield code="a">Prueba para evaluar la competencia digital de los estudiantes tomando como referencia el modelo DIGCOMP (ECODIES): área de resolución de problemas</subfield>
</datafield>
</record></metadata></record></GetRecord></OAI-PMH>